Theoretical Optics. An Introduction
I tiakina i:
| Kaituhi matua: | |
|---|---|
| Hōputu: | Tē mōhiotia |
| Reo: | Ingarihi |
| I whakaputaina: |
Weinheim, Germany.
Wiley-VCH,
2009
|
| Putanga: | Second, Revised and Enlarged Edition |
| Ngā marau: | |
| Ngā Tūtohu: |
Tāpirihia he Tūtohu
Kāore He Tūtohu, Me noho koe te mea tuatahi ki te tūtohu i tēnei pūkete!
|
MARC
| LEADER | 00000 a2200000 4500 | ||
|---|---|---|---|
| 003 | CL-VaPUC | ||
| 005 | 20221011105017.0 | ||
| 008 | 211019b ||||| |||| 00| 0 eng d | ||
| 020 | |a 9783527407767 | ||
| 040 | |c Pontificia Universidad Católica de Valparaíso | ||
| 082 | |a 535.1 ROM 2009 |2 22 | ||
| 100 | 1 | |a Römer, Hartmann |9 863064 |e author | |
| 245 | 1 | |a Theoretical Optics. |b An Introduction | |
| 250 | |a Second, Revised and Enlarged Edition | ||
| 260 | |a Weinheim, Germany. |b Wiley-VCH, |c 2009 | ||
| 300 | |a 372 páginas | ||
| 583 | |k Cristina María Rojas Aguilar |c 20211019 | ||
| 650 | 0 | |a Optica |9 263171 | |
| 942 | |2 ddc |c BK | ||
| 999 | |c 433592 |d 433590 | ||
| 952 | |0 0 |1 0 |2 ddc |4 0 |6 535_100000000000000_ROM_2009 |7 0 |8 A |9 579211 |a BIBCUR |b BIBCUR |d 2021-11-09 |e 74 |g 169620.00 |i 5625750 |o 535.1 ROM 2009 |p 5625750 |r 2025-04-22 |t 1 |v 169620.00 |w 2021-11-09 |y BK |k FIS | ||
| 952 | |0 0 |1 0 |2 ddc |4 0 |6 535_100000000000000_ROM_2009 |7 0 |8 A |9 587171 |a BIBCUR |b BIBCUR |c GEN |d 2022-10-07 |e 74 |g 164199.00 |i 5655107 |l 1 |o 535.1 ROM 2009 |p 5655107 |r 2025-04-22 |s 2023-05-16 |t 2 |v 164199.00 |w 2022-10-07 |y BK |k FIS | ||